Statistiques concernant Les villes les plus peuplées du Jura

Cliquez ici pour prendre le quiz!

Statistiques générales

  • Ce quiz a été pris 191 fois
  • Le résultat moyen est 10 sur 20

Statistiques - réponses

PopulationVille% Correct
18 476Lons-le-Saunier
98%
24 955Dole
95%
12 296Saint-Claude
90%
8 609Champagnole
80%
3 698Arbois
71%
4 518Poligny
70%
6 141Morez
63%
2 929Les Rousses
60%
2 059Morbier
54%
3 347Salins-les-Bains
52%
4 277Tavaux
48%
1 691Orgelet
39%
2 104Saint-Amour
38%
3 090Montmorot
35%
1 790Saint-Laurent-en-Grandvaux
35%
2 123Moirans-en-Montagne
32%
2 799Damparis
20%
1 760Foucherans
17%
2 081Saint-Lupicin
17%
1 900Lavans-lès-Saint-Claude
16%

Distribution des résultats

Percentile par nombre de réponses

% des personnes avec chaque résultat

Votre développement - résultats

Vous n’avez pas pris ce quiz